| 000 | 00734nam a22002057a 4500 | ||
|---|---|---|---|
| 999 |
_c11658 _d11658 |
||
| 003 | AR-CdUCM | ||
| 008 | 190404b ||||| |||| 00| 0 spa d | ||
| 040 |
_aMUNICIPALIDAD PROVINCIAL DEL CUSCO _cBIBLIOTECA MUNICIPAL DEL CUSCO |
||
| 082 |
_a869.56 / _bV42 / 1946 |
||
| 100 |
_aVegas Seminario, Francisco _97374 |
||
| 245 |
_aChicha, sol y sangre : _b(cuentos peruanos) / |
||
| 260 |
_aParis : _bDesclee de Brouwer, _c1946. |
||
| 300 |
_a271 páginas ; _c18 cm. |
||
| 505 | _aTaita dios nos enseña el camino -- Un caso de espiritismo -- El enigma de don juan Heredia -- Absolución de plomo... | ||
| 650 |
_aCuentos. _9217 |
||
| 650 |
_aCuentos peruanos. _97 |
||
| 650 |
_aCostumbres. _9230 |
||
| 942 |
_2ddc _cLIBROS |
||
| 945 | _awfj | ||